[Event "2BLS 2223 SG Speyer-Schwegenheim - OSG B"]
[Site "?"]
[Date "2023.03.19"]
[Round "10.8"]
[White "Commercon, Simon"]
[Black "Schmaltz, Roland"]
[Result "0-1"]
[WhiteElo "2185"]
[BlackElo "2442"]
[PlyCount "114"]
[EventDate "2023.??.??"]

1. d4 Nf6 2. c4 g6 3. Nc3 Bg7 4. e4 d6 5. f3 O-O 6. Be3 Nc6 7. Qd2 a6 8. Nge2 Rb8 9. d5 Ne5 10. Nd4 c5 11. dxc6 bxc6 12. b3 c5 13. Nc2 Qa5 14. Nd5 Qxd2+ 15. Kxd2 Nxd5 16. cxd5 f5 17. Re1 a5 18. Be2 f4 19. Bf2 e6 20. dxe6 Bxe6 21. Rb1 Nc6 22. Rhd1 Nb4 23. Nxb4 axb4 24. Ke1 Be5 25. Rbc1 Ra8 26. Rc2 Ra5 27. Kf1 Rfa8 28. Rdd2 Kf7 29. Bd3 g5 30. h3 h5 31. Be1 Kg6 32. Bf2 Kf6 33. Be1 Bd4 34. Bf2 Bc3 35. Re2 Ke7 36. Bc4 Bxc4 37. bxc4 Ra3 38. g4 hxg4 39. hxg4 Ke6 40. Kg2 Be5 41. Be1 Rd3 42. Red2 Rda3 43. Re2 Bd4 44. Bf2 Be3 45. Bxe3 fxe3 46. Kg3 Ke5 47. Rc1 Kd4 48. f4 gxf4+ 49. Kxf4 Rf8+ 50. Kg3 Kd3 51. Rce1 Kxe4 52. g5 Kd4 53. Kg4 Rf2 54. g6 Rxe2 55. Rxe2 Ra8 56. Re1 Rxa2 57. Rg1 Ra8 0-1

[Event "2BLS 2223 SV 1947 Walldorf - SC Ötighei"]
[Site "?"]
[Date "2023.03.19"]
[Round "10.1"]
[White "Lagarde, Maxime"]
[Black "Gschnitzer, Adrian"]
[Result "1-0"]
[WhiteElo "2581"]
[BlackElo "2420"]
[PlyCount "69"]
[EventDate "2023.??.??"]

1. e4 c5 2. Nf3 Nc6 3. d4 cxd4 4. Nxd4 g6 5. c4 Bg7 6. Be3 Nf6 7. Nc3 O-O 8. Be2 d6 9. O-O Bd7 10. Nc2 Qa5 11. f4 a6 12. a3 b5 13. c5 Qc7 14. Bf3 Rad8 15. Nd5 Nxd5 16. exd5 Na5 17. c6 Bf5 18. Nd4 e5 19. Nxf5 gxf5 20. Be2 Rfe8 21. Qc2 exf4 22. Bxf4 Nb3 23. Qxb3 Rxe2 24. Qg3 Kh8 25. Rae1 Re4 26. Rxe4 fxe4 27. Be3 Rf8 28. Qg4 Bxb2 29. Qxe4 Be5 30. Bd4 Re8 31. Rf5 a5 32. Bxe5+ Rxe5 33. Rxe5 dxe5 34. Qe3 Qd6 35. Qc1 1-0

[Event "2BLS 2223 SV 1947 Walldorf - SC Ötighei"]
[Site "?"]
[Date "2023.03.19"]
[Round "10.2"]
[White "Muckle, Julius"]
[Black "Van den Doel, Erik"]
[Result "1/2-1/2"]
[WhiteElo "2405"]
[BlackElo "2585"]
[PlyCount "85"]
[EventDate "2023.??.??"]

1. d4 d5 2. c4 c6 3. Nf3 Nf6 4. Nc3 e6 5. e3 Nbd7 6. Qc2 Bd6 7. b3 O-O 8. Be2 b6 9. O-O Bb7 10. Bb2 Qe7 11. Rfe1 Rfe8 12. e4 Nxe4 13. Nxe4 dxe4 14. Qxe4 Nf8 15. Bd3 Ng6 16. Qg4 f5 17. Qg5 c5 18. Qxe7 Rxe7 19. dxc5 Bxc5 20. Ne5 Rd8 21. Rad1 Nxe5 22. Bxe5 Red7 23. Be2 Be4 24. Rxd7 Rxd7 25. Rd1 Rxd1+ 26. Bxd1 Bb1 27. a4 Kf7 28. Bc3 a5 29. Kf1 Bd3+ 30. Ke1 e5 31. Kd2 e4 32. Be2 Bxe2 33. Kxe2 g5 34. f3 exf3+ 35. Kxf3 g4+ 36. Kf4 Ke6 37. Kg5 Be3+ 38. Kh5 Kd6 39. b4 axb4 40. Bxb4+ Ke5 41. a5 bxa5 42. Bxa5 Ke4 43. Bd8 1/2-1/2

[Event "2BLS 2223 SV 1947 Walldorf - SC Ötighei"]
[Site "?"]
[Date "2023.03.19"]
[Round "10.3"]
[White "Lai, Hing Ting"]
[Black "Faerber, David"]
[Result "1/2-1/2"]
[WhiteElo "2470"]
[BlackElo "2368"]
[PlyCount "34"]
[EventDate "2023.??.??"]

1. Nf3 d5 2. g3 Bg4 3. Bg2 c6 4. O-O Nd7 5. d4 e6 6. h3 Bf5 7. Nh4 Be4 8. Bxe4 dxe4 9. c3 Be7 10. Ng2 Qb6 11. Nd2 f5 12. Nf4 Nf8 13. Nc4 Qa6 14. Ne5 Bf6 15. a4 Ne7 16. Qb3 Nd5 17. Nh5 Ng6 1/2-1/2

[Event "2BLS 2223 SV 1947 Walldorf - SC Ötighei"]
[Site "?"]
[Date "2023.03.19"]
[Round "10.4"]
[White "Vonthron, Horst"]
[Black "Laurent-Paoli, Pierre"]
[Result "0-1"]
[WhiteElo "2363"]
[BlackElo "2525"]
[PlyCount "50"]
[EventDate "2023.??.??"]

1. d4 Nf6 2. Nf3 d5 3. c4 e6 4. Nc3 Bb4 5. cxd5 exd5 6. Bg5 h6 7. Bxf6 Qxf6 8. e3 c6 9. Be2 O-O 10. O-O Nd7 11. Rc1 Re8 12. Qa4 Bd6 13. b4 b5 14. Qb3 Nb6 15. a4 a6 16. Ra1 Bf5 17. axb5 axb5 18. Ra5 Nc4 19. Bxc4 dxc4 20. Qb2 Rxa5 21. bxa5 b4 22. Na4 Bd3 23. Rc1 Qf5 24. Ne1 Qxa5 25. Nxd3 Qxa4 0-1

[Event "2BLS 2223 SV 1947 Walldorf - SC Ötighei"]
[Site "?"]
[Date "2023.03.19"]
[Round "10.5"]
[White "Grigoriants, Sergey"]
[Black "Gschnitzer, Oswald"]
[Result "1/2-1/2"]
[WhiteElo "2572"]
[BlackElo "2344"]
[PlyCount "35"]
[EventDate "2023.??.??"]

1. e4 e5 2. Nf3 Nc6 3. Bc4 Bc5 4. d3 Nf6 5. Nc3 d6 6. Na4 Bb6 7. a3 Be6 8. Bxe6 fxe6 9. c3 O-O 10. O-O Qd7 11. b4 Ne7 12. Bb2 Rac8 13. Rb1 Ng6 14. c4 c5 15. Bc3 Rf7 16. g3 h6 17. Kg2 Qc6 18. bxc5 1/2-1/2

[Event "2BLS 2223 SV 1947 Walldorf - SC Ötighei"]
[Site "?"]
[Date "2023.03.19"]
[Round "10.6"]
[White "Tompa, Janos"]
[Black "Cornette, Matthieu"]
[Result "0-1"]
[WhiteElo "2309"]
[BlackElo "2563"]
[PlyCount "56"]
[EventDate "2023.??.??"]

1. e4 c5 2. Nf3 Nc6 3. Bb5 e6 4. O-O Nge7 5. Re1 Nd4 6. Nxd4 cxd4 7. c3 a6 8. Bf1 Nc6 9. d3 Bc5 10. Qh5 d6 11. Bg5 Qd7 12. c4 O-O 13. Nd2 f6 14. Bh4 e5 15. a3 a5 16. h3 Nd8 17. Qd1 Ne6 18. Bg3 b5 19. Be2 Ba6 20. b3 bxc4 21. bxc4 a4 22. Bg4 Bb7 23. Qc2 Qf7 24. Bxe6 Qxe6 25. f4 f5 26. exf5 Qxf5 27. fxe5 Qg5 28. Nf1 Rxf1+ 0-1

[Event "2BLS 2223 SV 1947 Walldorf - SC Ötighei"]
[Site "?"]
[Date "2023.03.19"]
[Round "10.7"]
[White "Georgiev, Kiril"]
[Black "Fichter, Fabian"]
[Result "1-0"]
[WhiteElo "2542"]
[BlackElo "2266"]
[PlyCount "149"]
[EventDate "2023.??.??"]

1. d4 d5 2. c4 e6 3. Nc3 Nf6 4. Nf3 c5 5. cxd5 Nxd5 6. e3 a6 7. Bd3 Nc6 8. O-O Be7 9. a3 cxd4 10. exd4 b5 11. Nxd5 Qxd5 12. Re1 Bb7 13. Be4 Qd7 14. d5 Rd8 15. Qd3 exd5 16. Bxh7 Qd6 17. Bf5 Kf8 18. Bd2 g6 19. Bg4 Kg7 20. Rad1 Bf6 21. b4 d4 22. h3 Qd5 23. Bf4 Rde8 24. h4 Ne5 25. Bxe5 Rxe5 26. Rxe5 Bxe5 27. Ne1 Qd8 28. g3 Bf6 29. Bf3 Qa8 30. Rc1 Rc8 31. Rxc8 Qxc8 32. Bxb7 Qxb7 33. Kf1 Qd5 34. Nf3 Qc4 35. Ke2 Qe6+ 36. Kd1 Qa2 37. Nd2 Qd5 38. Qf3 Qa2 39. Qb3 Qa1+ 40. Nb1 Kf8 41. Ke2 Ke7 42. Kd3 Kd6 43. Kc2 Ke7 44. Nd2 Kf8 45. Ne4 Qe1 46. Qd3 Bh8 47. Qf3 Kg8 48. Ng5 Qe7 49. Kd1 Bf6 50. Ne4 Bg7 51. Nc5 a5 52. Qc6 axb4 53. axb4 Qe5 54. Qxb5 Qf5 55. Qe8+ Kh7 56. Ne4 Qf3+ 57. Ke1 f6 58. Qc6 Kh6 59. b5 Kh5 60. Nd2 Qc3 61. Qf3+ Qxf3 62. Nxf3 d3 63. b6 Bf8 64. b7 Bd6 65. Kd2 Kg4 66. Nd4 f5 67. Kxd3 f4 68. gxf4 Bxf4 69. Ke4 Bc7 70. Nf3 Bb8 71. Ne5+ Kh5 72. f4 Bc7 73. Kf3 Kxh4 74. Nxg6+ Kh5 75. Ne5 1-0

[Event "2BLS 2223 SV 1947 Walldorf - SC Ötighei"]
[Site "?"]
[Date "2023.03.19"]
[Round "10.8"]
[White "Hauser, Carlos"]
[Black "Kuehn, Kolja"]
[Result "1/2-1/2"]
[WhiteElo "2245"]
[BlackElo "2136"]
[PlyCount "87"]
[EventDate "2023.??.??"]

1. d4 d5 2. c4 c6 3. Nf3 Nf6 4. Nc3 a6 5. cxd5 cxd5 6. Bf4 Nc6 7. Rc1 Bf5 8. e3 e6 9. Be2 Be7 10. O-O O-O 11. Na4 Ne4 12. Nd2 Nxd2 13. Qxd2 Rc8 14. Nc5 Qa5 15. Qxa5 Nxa5 16. Nd7 Rfe8 17. Nb6 Rxc1 18. Rxc1 f6 19. g4 Be4 20. h4 e5 21. dxe5 fxe5 22. Bxe5 Bxh4 23. Bc3 Nc6 24. Rd1 Ne5 25. Bxe5 Rxe5 26. Nxd5 Bxd5 27. Rxd5 Rxd5 28. Bc4 Kf8 29. Bxd5 b6 30. f4 Bf6 31. b3 g5 32. Kf2 gxf4 33. exf4 h6 34. Kf3 Kg7 35. Ke4 a5 36. Bc4 Bb2 37. Kd5 Kf6 38. Bd3 Bc1 39. Kc6 Be3 40. a4 Bd4 41. Kb5 Be3 42. Bc2 Bxf4 43. Kxb6 Bd2 44. Bd1 1/2-1/2

[Event "2BLS 2223 SF Bad Mergentheim - Heilbronn"]
[Site "?"]
[Date "2023.03.19"]
[Round "10.1"]
[White "Wenninger, Philipp"]
[Black "Rakotomaharo, Fy Antenaina"]
[Result "0-1"]
[WhiteElo "2378"]
[BlackElo "2448"]
[PlyCount "120"]
[EventDate "2023.??.??"]

1. d4 Nf6 2. Nf3 g6 3. c4 Bg7 4. Nc3 d5 5. cxd5 Nxd5 6. e4 Nxc3 7. bxc3 c5 8. Rb1 O-O 9. Be2 cxd4 10. cxd4 Qa5+ 11. Bd2 Qxa2 12. O-O Qe6 13. Qc2 Qd6 14. Rfc1 Nc6 15. d5 Nd4 16. Nxd4 Bxd4 17. Qd3 Qf6 18. Be3 Bxe3 19. Qxe3 e5 20. Rc7 Qd6 21. Qc5 Qxc5 22. Rxc5 Rd8 23. Rc7 a5 24. Bb5 a4 25. Rc4 Bd7 26. Rcb4 Ra5 27. f3 a3 28. Bxd7 Rxd7 29. R4b3 a2 30. Ra1 b5 31. Rb2 Rda7 32. Kf2 Kf8 33. Ke2 Ke7 34. Kd2 f5 35. Kc3 Kd6 36. Kb4 fxe4 37. fxe4 Ra4+ 38. Kxb5 Rxe4 39. Rbxa2 Rxa2 40. Rxa2 Kxd5 41. g3 Ke6 42. Kc5 Rd4 43. Re2 h5 44. Re3 Rd2 45. h3 Rc2+ 46. Kb4 Kd5 47. Rd3+ Ke4 48. Rd6 Kf5 49. g4+ hxg4 50. hxg4+ Kxg4 51. Rxg6+ Kf3 52. Kb3 Rc8 53. Rf6+ Ke3 54. Kb2 e4 55. Rf7 Kd2 56. Re7 Rb8+ 57. Ka2 e3 58. Rd7+ Ke1 59. Re7 e2 60. Rd7 Re8 0-1

[Event "2BLS 2223 SF Bad Mergentheim - Heilbronn"]
[Site "?"]
[Date "2023.03.19"]
[Round "10.2"]
[White "Neuman, Petr"]
[Black "Baenziger, Fabian"]
[Result "1/2-1/2"]
[WhiteElo "2389"]
[BlackElo "2413"]
[PlyCount "74"]
[EventDate "2023.??.??"]

1. e4 c5 2. Nf3 d6 3. d4 cxd4 4. Nxd4 Nf6 5. Nc3 a6 6. Nb3 e6 7. g4 b5 8. g5 Nfd7 9. h4 Bb7 10. Bg2 Be7 11. f4 h6 12. a3 Nc6 13. Be3 Nb6 14. Qe2 hxg5 15. hxg5 Rxh1+ 16. Bxh1 Nc4 17. O-O-O Qc7 18. Bf2 g6 19. Kb1 N6a5 20. Nxa5 Qxa5 21. Na2 Rc8 22. Bf3 Qc7 23. Rh1 a5 24. Be1 Ba6 25. Rh8+ Kd7 26. Rxc8 Qxc8 27. Qf2 Bd8 28. Qd4 Qc5 29. Qxc5 dxc5 30. e5 b4 31. Nc1 bxa3 32. Nd3 Bb6 33. b3 Ne3 34. c4 a2+ 35. Kxa2 Nc2 36. Bf2 Nb4+ 37. Nxb4 axb4 1/2-1/2

[Event "2BLS 2223 SF Bad Mergentheim - Heilbronn"]
[Site "?"]
[Date "2023.03.19"]
[Round "10.3"]
[White "Stijve, Theo"]
[Black "Vlasak, Lukas"]
[Result "1-0"]
[WhiteElo "2338"]
[BlackElo "2453"]
[PlyCount "115"]
[EventDate "2023.??.??"]

1. e4 c5 2. Nf3 Nc6 3. Bb5 g6 4. O-O Bg7 5. c3 Nf6 6. Re1 O-O 7. d4 d5 8. e5 Ne4 9. Be3 Qb6 10. Bxc6 bxc6 11. Qc1 c4 12. Re2 f6 13. exf6 exf6 14. h3 g5 15. Nbd2 Bf5 16. b3 Nxd2 17. Nxd2 Bd3 18. Re1 Rfe8 19. bxc4 dxc4 20. d5 Qb5 21. dxc6 Qxc6 22. Nf3 h6 23. Qa3 Bf8 24. Qa5 Red8 25. Nd4 Qd5 26. Qa4 Qd7 27. Qa6 Qd6 28. Qb7 Qd7 29. Qf3 Qf7 30. Rad1 Rd5 31. Nc6 Re8 32. Bd4 Rf5 33. Qg3 Rf4 34. Rxe8 Qxe8 35. Be3 Re4 36. Qc7 a6 37. Nd4 Qe7 38. Qc6 Qd6 39. Qa8 Re5 40. Rd2 Qa3 41. Nf3 Be4 42. Qc8 Bxf3 43. Qxc4+ Kh8 44. Qf7 Rxe3 45. fxe3 Qc1+ 46. Kh2 Qxd2 47. Qxf8+ Kh7 48. Qf7+ Kh8 49. Qxf6+ Kh7 50. Qf7+ Kh8 51. Qf8+ Kh7 52. Qxf3 Qxa2 53. Qb7+ Kg8 54. Qc6 a5 55. e4 a4 56. e5 a3 57. e6 Qe2 58. Qe8+ 1-0

[Event "2BLS 2223 SF Bad Mergentheim - Heilbronn"]
[Site "?"]
[Date "2023.03.19"]
[Round "10.4"]
[White "Razafindratsima, Timothe"]
[Black "Fecker, Noah"]
[Result "1/2-1/2"]
[WhiteElo "2442"]
[BlackElo "2391"]
[PlyCount "105"]
[EventDate "2023.??.??"]

1. e4 c6 2. d4 d5 3. e5 c5 4. dxc5 e6 5. c3 Nd7 6. Nf3 Bxc5 7. Nbd2 Ne7 8. b4 Bb6 9. c4 Ng6 10. Bb2 O-O 11. Qc2 Bc7 12. h4 h6 13. g4 Ngxe5 14. g5 h5 15. Be2 b6 16. Nd4 dxc4 17. Nxc4 Bb7 18. Rh3 Rc8 19. Ne3 Bb8 20. Qb3 Qe7 21. Bxh5 Qxb4+ 22. Qxb4 Nd3+ 23. Kf1 Nxb4 24. Be2 Ne5 25. Ng4 Nxg4 26. Bxg4 Ba6+ 27. Be2 Bxe2+ 28. Nxe2 Rfd8 29. Ba3 Nc2 30. Rc1 Nxa3 31. Rxc8 Rxc8 32. Rxa3 Rd8 33. Rc3 g6 34. Rc2 Kf8 35. Kg2 Ke7 36. Kf3 Rd3+ 37. Kg4 Ra3 38. Nc3 Be5 39. Ne4 Ra4 40. f3 Ra3 41. f4 Ra4 42. Kf3 Ra3+ 43. Kg4 Ra4 44. Kf3 Bd6 45. Rd2 Bb8 46. Nf6 Bd6 47. Ne4 Bc5 48. Rc2 Kd7 49. Nf6+ Kc6 50. h5 gxh5 51. Nxh5 Kd6 52. Nf6 Ke7 53. Ne4 1/2-1/2

[Event "2BLS 2223 SF Bad Mergentheim - Heilbronn"]
[Site "?"]
[Date "2023.03.19"]
[Round "10.5"]
[White "Zuferi, Enis"]
[Black "Msellek, Ilyass"]
[Result "0-1"]
[WhiteElo "2387"]
[BlackElo "2409"]
[PlyCount "118"]
[EventDate "2023.??.??"]

1. d4 Nf6 2. c4 g6 3. h4 d6 4. Nc3 Bg7 5. e4 Nc6 6. d5 Ne5 7. Be2 c6 8. Nf3 Nxf3+ 9. Bxf3 cxd5 10. exd5 h5 11. Be3 Nd7 12. Bd4 Bxd4 13. Qxd4 O-O 14. O-O Ne5 15. Be2 Bg4 16. f3 Bd7 17. Rae1 f6 18. f4 Nf7 19. Bd3 Kg7 20. Rf3 Nh6 21. Rg3 Bf5 22. Be2 Kf7 23. Re3 Kg7 24. Rg3 Kf7 25. Re3 Kg7 26. c5 Rf7 27. b4 a5 28. a3 axb4 29. axb4 Bd7 30. Bd3 Ra3 31. Rg3 Bf5 32. Nb5 dxc5 33. bxc5 Qa5 34. Rb1 Rxd3 35. Rxd3 Bxd3 36. Qxd3 Ng4 37. f5 gxf5 38. Qxf5 Qd2 39. Qxh5 Qf2+ 40. Kh1 Qg3 41. Kg1 Qh2+ 42. Kf1 Qh1+ 43. Ke2 Qxg2+ 44. Kd3 Qf3+ 45. Kd2 Qf2+ 46. Kc3 Qxc5+ 47. Kd2 Qe3+ 48. Kc2 Qe4+ 49. Kb2 Rf8 50. Nc3 Qb4+ 51. Kc2 Ne3+ 52. Kd2 Qd4+ 53. Ke2 Ng4 54. Qf5 Qe3+ 55. Kd1 Nh6 56. Qc2 Rc8 57. Rb3 Qg1+ 58. Kd2 Rc4 59. Rb2 Ng4 0-1

[Event "2BLS 2223 SF Bad Mergentheim - Heilbronn"]
[Site "?"]
[Date "2023.03.19"]
[Round "10.6"]
[White "Gasthofer, Alexander"]
[Black "Pogan, Nikolas"]
[Result "1/2-1/2"]
[WhiteElo "2399"]
[BlackElo "2214"]
[PlyCount "55"]
[EventDate "2023.??.??"]

1. Nf3 Nf6 2. g3 g6 3. c4 Bg7 4. Bg2 O-O 5. O-O d6 6. d4 Nc6 7. Nc3 a6 8. Qd3 e5 9. dxe5 dxe5 10. Qxd8 Rxd8 11. Bg5 Re8 12. Nd5 Nxd5 13. cxd5 Nb4 14. e4 f5 15. Ne1 f4 16. a3 Nxd5 17. exd5 h6 18. gxf4 hxg5 19. fxe5 Bxe5 20. Nd3 Bd6 21. Rac1 Kg7 22. Nc5 Rh8 23. Rfe1 Bxh2+ 24. Kf1 Bd6 25. Ne6+ Bxe6 26. dxe6 Rab8 27. Rc3 Kf6 28. Rb3 1/2-1/2

[Event "2BLS 2223 SF Bad Mergentheim - Heilbronn"]
[Site "?"]
[Date "2023.03.19"]
[Round "10.7"]
[White "Degenhard, Simon"]
[Black "Hauke, Christian"]
[Result "1-0"]
[WhiteElo "2278"]
[BlackElo "2171"]
[PlyCount "65"]
[EventDate "2023.??.??"]

1. e4 d6 2. d4 Nf6 3. Nc3 Nbd7 4. Nf3 e5 5. Bc4 Be7 6. a4 c6 7. O-O O-O 8. Re1 b6 9. h3 a6 10. Ba2 Rb8 11. Be3 b5 12. dxe5 dxe5 13. axb5 axb5 14. Nd2 Nc5 15. Qf3 Be6 16. Red1 Qc7 17. Ne2 Ra8 18. Bxe6 Nxe6 19. Nf1 Bc5 20. Nfg3 Bxe3 21. Qxe3 Nf4 22. Nf5 Nxe2+ 23. Qxe2 Rxa1 24. Rxa1 g6 25. Qe3 Qd8 26. Qg5 Nd7 27. Ne7+ Kh8 28. Rd1 f6 29. Nxg6+ Kg7 30. Qg4 f5 31. exf5 hxg6 32. Qxg6+ Kh8 33. Qe6 1-0

[Event "2BLS 2223 SF Bad Mergentheim - Heilbronn"]
[Site "?"]
[Date "2023.03.19"]
[Round "10.8"]
[White "Raps, Johannes"]
[Black "Huber, Philipp"]
[Result "0-1"]
[WhiteElo "2113"]
[BlackElo "2251"]
[PlyCount "60"]
[EventDate "2023.??.??"]

1. d4 Nf6 2. Nf3 d6 3. Bg5 Nbd7 4. Nbd2 h6 5. Bh4 g5 6. Bg3 Nh5 7. e4 Bg7 8. c3 Nb6 9. Bd3 Bg4 10. Nf1 Nf4 11. Ne3 Nxd3+ 12. Qxd3 Bd7 13. Ng1 e5 14. d5 h5 15. f3 g4 16. fxg4 hxg4 17. Ne2 Qg5 18. Rf1 Na4 19. Nf5 Nxb2 20. Nxg7+ Qxg7 21. Qb1 Nc4 22. Qxb7 Ke7 23. Bh4+ Rxh4 24. Qxa8 Qg5 25. Qxa7 Rxh2 26. Rd1 Rxg2 27. Rf2 Qh4 28. Nc1 Rh2 29. Kf1 g3 30. Rg2 Qh3 0-1

[Event "2BLS 2223 Stuttgarter SF - SF Heidesheim"]
[Site "?"]
[Date "2023.03.19"]
[Round "10.1"]
[White "Wilhelm, Till"]
[Black "Kvetny, Mark"]
[Result "1/2-1/2"]
[WhiteElo "2402"]
[BlackElo "2404"]
[PlyCount "81"]
[EventDate "2023.??.??"]

1. d4 Nf6 2. c4 e6 3. Nf3 d5 4. g3 Bb4+ 5. Bd2 Be7 6. Bg2 O-O 7. O-O Nbd7 8. Bc3 Ne4 9. Nbd2 Nxc3 10. bxc3 c6 11. e4 b6 12. exd5 cxd5 13. cxd5 exd5 14. Qb3 Bb7 15. Rfe1 Rc8 16. Re3 Rc7 17. Rae1 Bd6 18. Nh4 Nf6 19. Nf5 g6 20. Nxd6 Qxd6 21. a3 Bc8 22. Qb4 Qxb4 23. axb4 Bf5 24. Ra1 Rfc8 25. Ra3 h5 26. h3 Kf8 27. f3 Ne8 28. g4 Bd7 29. Bf1 Be6 30. Ba6 Rd8 31. Kf2 Nd6 32. Be2 Re8 33. Bd3 Bd7 34. Re5 Bb5 35. Bb1 h4 36. f4 Rce7 37. g5 Bc6 38. Bd3 Bb5 39. Bb1 Bc6 40. Bd3 Bb5 41. Bb1 1/2-1/2

[Event "2BLS 2223 Stuttgarter SF - SF Heidesheim"]
[Site "?"]
[Date "2023.03.19"]
[Round "10.2"]
[White "Benkovic, Petar"]
[Black "Hinrichs, Paul"]
[Result "1/2-1/2"]
[WhiteElo "2366"]
[BlackElo "2210"]
[PlyCount "83"]
[EventDate "2023.??.??"]

1. Nf3 d5 2. d4 Nf6 3. c4 c6 4. Nc3 e6 5. e3 Nbd7 6. Qc2 Bd6 7. b3 O-O 8. Bb2 Qe7 9. Be2 b6 10. O-O Bb7 11. Rfd1 Rad8 12. Rac1 Rfe8 13. h3 Bb8 14. Re1 dxc4 15. bxc4 e5 16. Bf1 e4 17. Nd2 h5 18. g3 h4 19. g4 Qd6 20. Bg2 Nxg4 21. Ncxe4 Qh2+ 22. Kf1 Ngf6 23. Nf3 Qc7 24. Nxf6+ Nxf6 25. Nxh4 Bc8 26. Nf3 c5 27. d5 Qe7 28. Ng5 Be5 29. Bxe5 Qxe5 30. f4 Qc7 31. Qf2 g6 32. e4 Nh5 33. e5 f6 34. d6 Qg7 35. Bd5+ Kf8 36. exf6 Nxf6 37. Be6 Qb7 38. Kg1 Rxd6 39. Bxc8 Qxc8 40. Rxe8+ Qxe8 41. Re1 Qd7 42. Qe2 1/2-1/2

[Event "2BLS 2223 Stuttgarter SF - SF Heidesheim"]
[Site "?"]
[Date "2023.03.19"]
[Round "10.3"]
[White "Foerster, Erik"]
[Black "Neyman, Igor"]
[Result "1-0"]
[WhiteElo "2141"]
[BlackElo "2358"]
[PlyCount "113"]
[EventDate "2023.??.??"]

1. Nf3 Nf6 2. g3 d5 3. d4 c6 4. Bg2 Bf5 5. c4 e6 6. Nc3 Nbd7 7. Nh4 Bg6 8. Qb3 Qb6 9. Nxg6 hxg6 10. Bf4 Be7 11. c5 Qxb3 12. axb3 O-O 13. b4 a6 14. f3 Rfe8 15. e4 dxe4 16. fxe4 e5 17. dxe5 Ng4 18. e6 fxe6 19. Bh3 Nde5 20. Bxe5 Nxe5 21. O-O-O Bf6 22. Ne2 g5 23. Nd4 Kf7 24. Nb3 Re7 25. Na5 Rh8 26. Bf1 Kg6 27. Bc4 Ng4 28. Rd2 Be5 29. Kb1 Nf6 30. Rhd1 Kf7 31. Re2 Ng4 32. Rdd2 Nf6 33. Bb3 Kg6 34. Nc4 Bc7 35. Nd6 a5 36. e5 Nd5 37. Bc2+ Kh5 38. h4 Rf8 39. g4+ Kh6 40. hxg5+ Kxg5 41. Ne4+ Kg6 42. Nf6+ Kf7 43. Nh7 Rg8 44. Ng5+ Ke8 45. Bg6+ Kd7 46. b5 Rf8 47. b6 Bb8 48. Rf2 Rxf2 49. Rxf2 Bxe5 50. Rf8 Nxb6 51. cxb6 Bd4 52. Nf7 Bxb6 53. Rg8 Kc7 54. Rxg7 Bd4 55. Rh7 b5 56. g5 Kb6 57. Nd8 1-0

[Event "2BLS 2223 Stuttgarter SF - SF Heidesheim"]
[Site "?"]
[Date "2023.03.19"]
[Round "10.4"]
[White "Strunski, Andreas"]
[Black "Enzmann, Steffen"]
[Result "0-1"]
[WhiteElo "2309"]
[BlackElo "2150"]
[PlyCount "34"]
[EventDate "2023.??.??"]

1. d4 Nf6 2. c4 e5 3. dxe5 Ne4 4. a3 Nc6 5. Nf3 d6 6. e6 Bxe6 7. e3 Qf6 8. Bd3 d5 9. Qc2 Nc5 10. cxd5 Bxd5 11. e4 Bb3 12. Qe2 O-O-O 13. Bc2 Bxc2 14. Qxc2 Nd3+ 15. Ke2 Nd4+ 16. Kxd3 Qa6+ 17. Qc4 Ne2+ 0-1

[Event "2BLS 2223 Stuttgarter SF - SF Heidesheim"]
[Site "?"]
[Date "2023.03.19"]
[Round "10.6"]
[White "Keilhack, Harald"]
[Black "Beck, Michael"]
[Result "1/2-1/2"]
[WhiteElo "2234"]
[BlackElo "2043"]
[PlyCount "47"]
[EventDate "2023.??.??"]

1. Nf3 Nf6 2. c4 g6 3. Nc3 Bg7 4. e4 d6 5. d4 O-O 6. Be2 e5 7. O-O Nc6 8. d5 Ne7 9. Ne1 Nd7 10. Be3 f5 11. f3 f4 12. Bf2 g5 13. a4 a5 14. Nd3 b6 15. b4 axb4 16. Nxb4 Nf6 17. Nc6 Nxc6 18. dxc6 Qe8 19. Nd5 Rf7 20. a5 bxa5 21. Qa4 g4 22. Nxf6+ Bxf6 23. fxg4 Rg7 24. Ra3 1/2-1/2

[Event "2BLS 2223 Stuttgarter SF - SF Heidesheim"]
[Site "?"]
[Date "2023.03.19"]
[Round "10.7"]
[White "Bacquele, Fabrice"]
[Black "Lorscheid, Gerhard"]
[Result "1/2-1/2"]
[WhiteElo "1932"]
[BlackElo "2140"]
[PlyCount "70"]
[EventDate "2023.??.??"]

1. d4 d6 2. e4 Nf6 3. Nc3 e5 4. dxe5 dxe5 5. Qxd8+ Kxd8 6. Bc4 Ke8 7. f4 Bb4 8. Bd3 exf4 9. Bxf4 c6 10. Nf3 Be6 11. Nd4 Nbd7 12. a3 Bc5 13. Nf5 Bxf5 14. exf5 Nh5 15. Bd2 Ne5 16. Be2 Nf6 17. O-O-O Be7 18. Bf4 Nfd7 19. Ne4 f6 20. g4 h6 21. h4 Nc5 22. Nxc5 Bxc5 23. g5 hxg5 24. hxg5 Ke7 25. g6 Bd6 26. Be3 a6 27. Rh7 Rxh7 28. gxh7 Rh8 29. Rh1 b5 30. a4 Nf7 31. axb5 axb5 32. c4 Nh6 33. Bxh6 Rxh7 34. cxb5 cxb5 35. Bxb5 Rxh6 1/2-1/2

[Event "2BLS 2223 Stuttgarter SF - SF Heidesheim"]
[Site "?"]
[Date "2023.03.19"]
[Round "10.8"]
[White "Forster, Lukas"]
[Black "Vogt, Dustin"]
[Result "1-0"]
[WhiteElo "1963"]
[BlackElo "1885"]
[PlyCount "75"]
[EventDate "2023.??.??"]

1. e4 c5 2. Nf3 Nc6 3. d4 cxd4 4. Nxd4 Nf6 5. Nc3 g6 6. Nxc6 bxc6 7. e5 Nd5 8. Nxd5 cxd5 9. Qxd5 Rb8 10. Bc4 e6 11. Qd4 Bg7 12. O-O Qc7 13. Re1 O-O 14. Bf4 Rb4 15. b3 Bb7 16. Qd2 Rb6 17. Rad1 Bc6 18. Qe3 Bb5 19. Bxb5 Rxb5 20. c4 Ra5 21. Rd2 Rb8 22. h4 h5 23. Ree2 Rb6 24. Qd4 Rba6 25. Qxd7 Qxd7 26. Rxd7 Rxa2 27. Rxa2 Rxa2 28. b4 Rc2 29. Rc7 a6 30. g3 Bf8 31. Rc8 Kg7 32. Bg5 f5 33. exf6+ Kf7 34. Rc7+ Kg8 35. c5 Rb2 36. Bf4 Rxb4 37. Bd6 Rb8 38. Rg7+ 1-0

[Event "2BLS 2223 SC Eppingen - SV 1920 Hofheim"]
[Site "?"]
[Date "2023.03.19"]
[Round "10.1"]
[White "Bernadskiy, Vitaliy"]
[Black "Acs, Peter"]
[Result "1-0"]
[WhiteElo "2611"]
[BlackElo "2572"]
[PlyCount "61"]
[EventDate "2023.??.??"]

1. e4 e5 2. Nf3 Nc6 3. Bb5 a6 4. Ba4 Nf6 5. O-O Nxe4 6. d4 b5 7. Bb3 d5 8. dxe5 Be6 9. Be3 Be7 10. c3 O-O 11. Nbd2 Bg4 12. h3 Nxd2 13. hxg4 Nxb3 14. axb3 Qd7 15. g5 Rfd8 16. Qd3 g6 17. Rad1 Bf8 18. Rfe1 Bg7 19. Bc5 Qg4 20. Qe3 Qe4 21. Qc1 Qg4 22. Rd3 Rd7 23. e6 fxe6 24. Nh2 Qf5 25. Rf3 Qe4 26. Rxe4 dxe4 27. Re3 Ne5 28. Rxe4 Rad8 29. Rd4 Nd3 30. Rxd7 Rxd7 31. Qe3 1-0

[Event "2BLS 2223 SC Eppingen - SV 1920 Hofheim"]
[Site "?"]
[Date "2023.03.19"]
[Round "10.2"]
[White "Hacker, Jonas"]
[Black "Shneider, Aleksandr"]
[Result "1/2-1/2"]
[WhiteElo "2452"]
[BlackElo "2486"]
[PlyCount "39"]
[EventDate "2023.??.??"]

1. e4 c5 2. Nf3 d6 3. Bb5+ Bd7 4. Bxd7+ Qxd7 5. c4 Nf6 6. Nc3 Nc6 7. d4 cxd4 8. Nxd4 e6 9. O-O Be7 10. b3 O-O 11. Bb2 a6 12. Nxc6 Qxc6 13. Qe2 Rab8 14. Rac1 Rfd8 15. Rfd1 Qe8 16. a4 Rbc8 17. Rd3 Nd7 18. Rcd1 Nc5 19. Rg3 g6 20. Qc2 1/2-1/2

[Event "2BLS 2223 SC Eppingen - SV 1920 Hofheim"]
[Site "?"]
[Date "2023.03.19"]
[Round "10.3"]
[White "Ginsburg, Gennadi"]
[Black "Medvegy, Zoltan"]
[Result "1/2-1/2"]
[WhiteElo "2409"]
[BlackElo "2514"]
[PlyCount "32"]
[EventDate "2023.??.??"]

1. Nf3 Nf6 2. d4 c5 3. d5 b5 4. c4 g6 5. Nbd2 Bg7 6. e4 O-O 7. cxb5 a6 8. bxa6 Qa5 9. Be2 Nxe4 10. O-O Nxd2 11. Bxd2 Qb6 12. Bc3 Bxc3 13. bxc3 Qf6 14. Qd2 Bxa6 15. Rfe1 Bxe2 16. Rxe2 d6 1/2-1/2